| 000 | 00371nam a22001337a 4500 | ||
|---|---|---|---|
| 022 | _a0951-8987 | ||
| 082 |
_a388.322 _bFIE _cD |
||
| 245 | _aField survey techniques and analysis for urban bus operators | ||
| 260 |
_aWashington _bThe world bank |
||
| 300 |
_a38 P. : _bill, _c24 cm. |
||
| 526 |
_a0 _b0 _c0 _d388_322000000000000_FIE |
||
| 650 |
_aMCE _9379 |
||
| 942 |
_2ddc _cBK |
||
| 999 |
_c543333 _d543333 |
||